000 00833nmc a2200289 a 4500
003 AR-BaBNM
005 20251128205036.0
008 011101s1994 ||||||||||||||000 | spa||
020 _a84-7960-103-5
040 _cAR-BaBNM
100 1 _aMena Merchán, Bienvenido
245 1 0 _aNuevas tecnologías para la enseñanza
_bdidáctica y metodología
250 _a1ª ed.
260 _aMadrid
_bEdiciones de la Torre
_c1994
300 0 _a141 p.
_btablas
490 0 _aProyecto didáctico Quirón. Didáctica y metodología
_vv. 57
504 _aBibliografía: p. 137-141
650 4 _aTELEVISION EDUCATIVA
650 4 _aMEDIOS DE COMUNICACION
650 4 _aPLANIFICACION DEL CURRICULO
650 4 _aDIDACTICA
651 4 _aEspaña
653 0 _aVIDEO
700 1 _aMarcos Porras, Manuel
942 _cBK
998 _csilvi
999 _c9755
_d9755